000 03299cam a22006614i 4500
003 PE-LiUPU
005 20250731180152.0
008 150706s2004 sp a rb 000 0 spa d
020 _a9788436250701
035 _a(Sirsi) i9788436250701
040 _aPE-LiUPU
_bspa
_cPE-LiUPU
_erda
049 _aPRUA
082 0 4 _a577.14
_bC13
_221
100 1 _aCabildo Miranda, Ma. del Pilar,
_eautor.
245 1 0 _aBases químicas del medio ambiente /
_cMa. del Pilar Cabildo Miranda, [et al.].
250 _aPrimera edición, [reimpresion 2017].
264 1 _aMadrid :
_bUNED,
_c2004.
300 _a523 páginas :
_bilustraciones ;
_c24 centímetros
336 _atext
_2rdacontent
337 _aunmediated
_2rdamedia
338 _avolume
_2rdacarrier
490 0 _aUnidades didácticas
504 _aIncluye bibliografía.
505 0 _aEstructura de la materia y enlace químico -- Gases, líquidos y disoluciones -- Termodinámica, equilibrio químico y cinética química -- Ácidos y bases -- Solubilidad y precipitación -- Reacciones de oxidación-reducción -- Química del carbono -- Energía y medio ambiente -- Química de la atmósfera -- El agua en el medio ambiente -- Química del suelo -- Impacto de los compuestos orgánicos en el medio ambiente.
526 _aSEG44
526 _aSEG26
526 _aP159
526 _aP155
526 _aP154
526 _aP153
526 _aP150
526 _aP100
526 _aP31
526 _aP30
526 _aP26
526 _aP25
526 _aP24
526 _aP22
526 _aP15
526 _aP10
541 _g001-001348;
541 _g0001-0042329;
541 _gF002-00000291;
650 1 4 _aQuímica ambiental.
_91953
700 1 _aCabildo Miranda, María Pilar,
_eautor.
910 _agl
_cng
_d20130716
910 _adbm
_bmarg
_cmarg
_d20180117
910 _armch
_btqv
_cjfb
_d20180802
942 _2ddc
_cBOOK
949 _a577.14 C13
_wDEWEY
_c1
_i68075
_lCCODEBUL1
_mBUL
_p85.00
_r0
_sY
_tBOOK
_u2015-7-6
_xINGENIERIA
_PP24
_o.STAFF. Colección General
949 _a577.14 C13 2004
_wDEWEY
_c1
_iFJ11228
_lCCODEBUJ1
_mBUJ
_p52.12
_r0
_sY
_tBOOK
_u2018-08-02
_xINGENIERIA
_PP24
_0COMPRA
_o.STAFF. Colección General Juliaca
994 _aC0
_bPEPRU
596 _a1 3
999 _a577.14 C13
_wDEWEY
_c55527
_i68075
_d55527
_e2019-7-8
_f2021-11-9
_g7
_lCCODEBUL1
_mBUL
_n3
_p85.00
_r0
_sY
_tBOOK
_u2015-7-6
_xINGENIERIA
_PP24
_0COMPRA
_o.STAFF. Colección Ingenieria y Arquitectura
999 _a577.14 C13
_wDEWEY
_c2
_i78169
_d2019-4-15
_e2019-4-11
_f2021-11-9
_g4
_lCCODEBUL1
_mBUL
_n2
_p53.56
_r0
_sY
_tBOOK
_u2018-1-17
_xINGENIERIA
_PP24
_0COMPRA
_o.STAFF. Colección Ingeniería y Arquitectura
999 _a577.14 C13
_wDEWEY
_c3
_i78170
_d2019-3-28
_e2019-3-23
_f2021-11-9
_g4
_lCCODEBUL1
_mBUL
_n4
_p53.56
_q3
_r0
_sY
_tBOOK
_u2018-1-17
_xINGENIERIA
_PP24
_0COMPRA
_o.STAFF. Colección Ingeniería y Arquitectura
999 _a577.14 C13 2004
_wDEWEY
_c1
_iFJ11228
_d2019-3-25
_e2019-3-20
_f2022-1-25
_g3
_lCCODEBUJ1
_mBUJ
_n2
_p52.12
_q3
_r0
_sY
_tBOOK
_u2018-8-1
_xINGENIERIA
_PP24
_0COMPRA
_1FCOMPRA
_o.STAFF. Colección General Juliaca
980 _81
_gALBERTO SANCHEZ Responsable de Automatización